| 000 | 03166njm a2200481Ia 4500 | ||
|---|---|---|---|
| 001 | D6987 | ||
| 003 | IT-RoPAU | ||
| 005 | 20220918181115.0 | ||
| 008 | 131025s9999 xx 000 0 und d | ||
| 040 | _aIT-RoPAU | ||
| 040 | _cIT-RoPAU | ||
| 041 | _aITALIANO | ||
| 999 |
_c99286 _d99286 |
||
| 999 | _bn.d. | ||
| 100 |
_aAA.VV. _9794 |
||
| 100 |
_eAutore musica _931047 |
||
| 100 |
_gCodice autore musica SPICS: 12000 _9796 |
||
| 245 | _aInedito per Maria | ||
| 250 | _a1a ed. | ||
| 260 | _aALBANO | ||
| 260 |
_bEP - MUSICALI E DISCOGRAFICHE _c1995 [1a Ed.:1995 - Ed. Lingua Orig.: 1995] |
||
| 300 | _aCOMPACT DISC | ||
| 300 | _c99 minuti (Testo: pag.) | ||
| 500 | _aMusica religiosa. Primo festival nazionale della canzone d'autore. | ||
| 505 | _aDedicato a Maria [(Inti-Illimani) (5:00)] - Se non fosse Maria [(Trampetti Patrizio) (4:00)] - Mother Mary [(Potter Karl) (5:00)] - Ballata di una madre [(Bennato Eugenio) (4:00)] - Madre Maria [(Conidi Marco) (6:00)] - Ex voto [(Montecorvino Pietra) (4:00)] - I di Go [(Nassara) (4:00)] - Passarà Marì [(Zurzolo Marco) (4:00)] - Hallelu'yah [(Parigi Susanna) (5:00)] - Aspettami Maria [(Boccassini Fedele) (5:00)] - Ave Maria di Seuna [(Caporale F.) (5:00)] - Insegnaci ad amare [(Quadraccia Carla) (5:00)] - Maronne in festa [(Canzoniere della Rita e della Manca) (5:00)] - Inedito per Maria (5:00) | ||
| 650 |
_aRELIGIOSO [COMPACT DISC] _eCodice MATERIA SPICS: 9949 _914031 |
||
| 700 |
_aTrampetti Patrizio _dCodice autore musica SPICS: 45878 _eAutore musica _pDedicato a Maria - Se non fosse Maria - Passarà Marì _931048 |
||
| 700 |
_aDi Domenico Mauro _dCodice autore SPICS: 45879 _eAutore _pDedicato a Maria - Se non fosse Maria _931049 |
||
| 700 |
_aPotter Karl _dCodice autore musica SPICS: 45880 _eAutore musica _pMother Mary _931050 |
||
| 700 |
_aGenovesi Roberto _dCodice autore SPICS: 45881 _eAutore _pMother Mary _931051 |
||
| 700 |
_aBennato Eugenio _dCodice autore testo/musica SPICS: 38446 _eAutore testo/musica _pMadre Maria _931052 |
||
| 700 |
_aMontecorvino Pietra _dCodice autore musica SPICS: 45882 _eAutore musica _pEx voto _931053 |
||
| 700 |
_aBigna _dCodice autore musica SPICS: 45883 _eAutore musica _pI di Go _931054 |
||
| 700 |
_aMbakop _dCodice autore SPICS: 45884 _eAutore _pI di Go _931055 |
||
| 700 |
_aZurzolo Marco _dCodice autore SPICS: 45886 _eAutore _pPassarà Marì _931056 |
||
| 700 |
_aParigi Susanna _dCodice autore testo/musica SPICS: 45887 _eAutore testo/musica _pHallelu'yah _931057 |
||
| 700 |
_aBoccassini Fedele _dCodice autore testo/musica SPICS: 43206 _eAutore testo/musica _pAspettami Maria _931058 |
||
| 700 |
_aCaporale F. _dCodice autore testo/musica SPICS: 40162 _eAutore testo/musica _pAve Maria di Seuna - Insegnaci ad amare _931059 |
||
| 700 |
_aBrusati Marco _dCodice autore musica SPICS: 45888 _eAutore musica _pInsegnaci ad amare _931060 |
||
| 700 |
_aVincenti Valter _dCodice autore SPICS: 45889 _eAutore _pInsegnaci ad amare _931061 |
||
| 700 |
_aCanzoniere Della Rita e Della Manca _dCodice autore testo/musica SPICS: 45891 _eAutore testo/musica _pMaronne in festa _931062 |
||
| 700 |
_aAA.VV. _dCodice autore musica SPICS: 12000 _eAutore musica _pInedito per Maria _931063 |
||
| 942 |
_cCD _2ddc |
||